Library of the University of Algiers 3
Ibrahim Sultan Cheibout
شعار جامعة الجزائر 3
مكتبة جامعة الجزائر 3
إبراهيم سلطان شيبوط

التفكير تعليمه و أساليب قياسه (رقم التسجيلة. 12639)

تفاصيل مارك
000 -LEADER
fixed length control field 00615nam a2200205Ia 4500
003 - CONTROL NUMBER IDENTIFIER
control field IEPS
005 - DATE AND TIME OF LATEST TRANSACTION
control field 20250703135304.0
008 - FIXED-LENGTH DATA ELEMENTS--GENERAL INFORMATION
fixed length control field 250223s9999||||xx |||||||||||||| ||und||
020 ## - INTERNATIONAL STANDARD BOOK NUMBER
International Standard Book Number 9789957832636
040 ## - CATALOGING SOURCE
-- IEPS
041 ## - LANGUAGE CODE
Language code of text/sound track or separate title ara
082 ## - DEWEY DECIMAL CLASSIFICATION NUMBER
Classification number 153.4
100 ## - MAIN ENTRY--PERSONAL NAME
Personal name حسن هناء رجب
245 #0 - TITLE STATEMENT
Title التفكير تعليمه و أساليب قياسه
260 ## - PUBLICATION, DISTRIBUTION, ETC.
Place of publication, distribution, etc. عمان
Name of publisher, distributor, etc. مكتبة المجتمع العربي للنشر و التوزيع
Date of publication, distribution, etc. 2014
300 ## - PHYSICAL DESCRIPTION
Extent 296 ص.
Other physical details جداول ، صور ، مخططات
Dimensions 24 سم.
653 ## - INDEX TERM--UNCONTROLLED
Uncontrolled term التعلم
653 ## - INDEX TERM--UNCONTROLLED
Uncontrolled term التفكير
942 ## - ADDED ENTRY ELEMENTS (KOHA)
Koha item type كتب
المقتنيات
Withdrawn status Lost status Source of classification or shelving scheme Damaged status Not for loan Home library Current library Date acquired Inventory number Total checkouts Full call number Barcode Date last seen Copy number Price effective from Koha item type
    Dewey Decimal Classification   NOT LOAN / إعارة داخلية مكتبة معهد التربية البدنية و الرياضية مكتبة معهد التربية البدنية و الرياضية 23/02/2025 invar5010   153.4 ح ه ت / 1 invar5010 23/02/2025 ل ع 1733 / 1 23/02/2025 كتب
    Dewey Decimal Classification   Available مكتبة معهد التربية البدنية و الرياضية مكتبة معهد التربية البدنية و الرياضية 23/02/2025 invar5011   153.4 ح ه ت / 2 invar5011 23/02/2025 ل ع 1733 / 2 23/02/2025 كتب
    Dewey Decimal Classification   Available مكتبة معهد التربية البدنية و الرياضية مكتبة معهد التربية البدنية و الرياضية 23/02/2025 invar5012   153.4 ح ه ت / 3 invar5012 23/02/2025 ل ع 1733 / 3 23/02/2025 كتب
    Dewey Decimal Classification   Available مكتبة معهد التربية البدنية و الرياضية مكتبة معهد التربية البدنية و الرياضية 23/02/2025 invar5013   153.4 ح ه ت / 4 invar5013 23/02/2025 ل ع 1733 / 4 23/02/2025 كتب

موارد الويب المفتوحة


© University of Algiers 3 All Rights Reserved
|
Implemented by LECHELAH Riad